000 00682nam a2200193Ia 4500
003 GCL
008 140319s9999 xx 000 0 ara d
040 _aGCL /
_cGCL
082 0 4 _a371.3
_bد ا
100 1 _aاورانج، كارولين
245 1 0 _a44 استراجية ذكية لتجنب ارتكاب الاخطاء فى الصف الدراسى /
_cاورانج، كارولين
260 _aفلسطين :
_bدار الكتب الجامعية ،
_c2005
300 _a261 ص ؛
_c24 سم
650 0 4 _aالتربويون
650 0 4 _aطلبة المدارس
650 0 4 _aالتعليم - طرق تدريس
650 0 4 _aالمدرسون - تقييم
942 _2ddc
_cBK
999 _c8072
_d8072